000 00856nam a22002657a 4500
001 50514
003 UA-OsUOA
005 20210621214415.0
007 ta
008 20140612b un ||||| |||| 00| 0 ukr d
040 _aUA-OsUOA
_bukr
_cUA-OsUOA
_dUA-OsUOA
041 _aukr
080 _a94(477).152 К
090 _a94(477).152 К
_bВ65
100 _aВойценко О.
245 _aЛітопис українського життя в Канаді: піонерська доба 1874-1918
_nт. 1
260 _aВінніпег
_bТризуб
_c1961
300 _a295 с.
490 _vт. 1
650 7 _a9 Географія. Біографії. Історія
_2UDC
942 _cBK
_2udc
955 _a1
999 _c430645
_d430645